Регионална библиотека "Любен Каравелов" - Русе

Бонсаи (Запис номер 1275)

MARC детайли
000 -Лидер
Контролно поле с фиксирана дължина 01566nam a2200373 c 4500
003 - Код на организацията, давaща контролен номер
Контролно поле BLK
005 - Дата и час на последна редакция
Контролно поле 20250122125424.0
008 - Елементи от данни с фиксирана дължина
fixed length control field 180412b bul|||||r ||||||| ||bul||
010 ## - Наследен системен номер
LC control number KNG00002084000
020 ## - Международен стандартен номер на книга ISBN
Международен стандартен номер на книга ISBN 954-8232-19-7
-- издат.: Гея-Либрис
040 ## - Източник на каталожния запис
Идентификатор на билиотеката - собственик на записа BLK
041 ## - Код за език
Код за езика на текст/звукозапис или на отделно заглавие Български
Код за езика КДБФ Български
080 ## - УДК
Текстов определител УДК Декоративни растения. Декоративно градинарство
УДК код - определител по УДК 635.9
УДК определител (035)
УДК - код + определител 635.9(035)
080 ## - УДК
Текстов определител УДК Озеленяване. Растения. Растителни форми. Планове за озеленяване. Вж и 634.0 ; 635.9
УДК код - определител по УДК 712.253.4
УДК определител (035)
УДК - код + определител 712.253.4(035)
100 1# - Редна дума - Автор
Автор Попов, Христо
Авторска отговорност първи автор
R(LIN) 243929
139 ## - Редно поле
Редна дума Попов, Христо
Авторски знак Попов - П 76
245 10 - Сведения за заглавието
Заглавие Бонсаи
Подзаглавни данни Ръководство
Редно поле (дума) Христо Попов.
257 ## - Страна на издаване
Страна на създаване/издаване България
260 ## - Област на издателските данни
-- София
Име на издателя, разпространителя и проч. Гея-Либрис
Година на издаване 1994
300 ## - Физическа характеристика
Страници 96 с.
Илюстрации и др. с ил.
Размери/Мащаб 22 см
380 ## - Жанр
Жанр Изкуство
500 ## - Общи забележки
Забележка 3 000 тир.
650 #4 - Допълнително описание по предмет – тема
Основно описание – тема или топоним Бонсай - наръчници и ръководства
9 (RLIN) 149028
650 #4 - Допълнително описание по предмет – тема
Основно описание – тема или топоним Дървесни видове, декоративни - наръчници и ръководства
9 (RLIN) 243930
650 #4 - Допълнително описание по предмет – тема
Основно описание – тема или топоним Декоративни растения - наръчници и ръководства
9 (RLIN) 242106
653 ## - Ключова дума – ненормативна
Ключова дума бонсай
653 ## - Ключова дума – ненормативна
Ключова дума ръководства
852 ## - Местоположение
Форматна сигнатура Цб 178445
856 4# - Електронен адрес и достъп
Електронен формат pdf - файл
Път до файла /url/
856 4# - Електронен адрес и достъп
Електронен формат pdf - файл
Път до файла /url/
942 ## - АРТИКУЛИ
Вид на библиотечния материал Книги
Скрит в OPAC Не
Koha issues (borrowed), all copies 1
944 ## - СЪЗДАВАНЕ И РЕДАКЦИЯ на ЗАПИСА
Създаване/Редакция Създаване
Дата на регистрацията/редакция 15.01.2003
Служител, извършил регистрацията/редакцията 30564
Статус, дата на статуса Анна Гръцманова
944 ## - СЪЗДАВАНЕ И РЕДАКЦИЯ на ЗАПИСА
Създаване/Редакция Редакция
Дата на регистрацията/редакция 04.02.2016
Служител, извършил регистрацията/редакцията Кети_Илиева
999 ## - СИСТЕМНИ КОНТРОЛНИ НОМЕРА
Koha biblionumber 1275
Koha biblioitemnumber 1275
Наличности
Код за отписване Код за изгубен артикул Код за повреда Коз за рестрикции Код за отдаване Артикулен № Име на библиотеката - собственик Име на библиотеката, в която се намира в момента Статус (Текущо местоположение) Дата на вписване в системата Местоположение - отдел Цена в лева Инвентарен номер Систематично азбучна сигнатура Баркод Номер на екземпляра Цена в евро Служебна бележка Служебен тип на артикула Източник на класификационната схема
  Не е изгубен Не е повреден без рестрикции ползва се в читалня 2512 Регионална библиотека "Любен Каравелов" Русе Регионална библиотека "Любен Каравелов" Русе Хранилище 1994-01-01 Хранилище 0.36 603180 Цб 178445 603180 1 0.18 Дост: Dp Вид: Д N: стар фонд Дата: 01.01.1994 Дата инв: 01.10.2015 Бележки инв: Цб2015 Книги  
  Не е изгубен Не е повреден без рестрикции заемане за дома 2513 Регионална библиотека "Любен Каравелов" Русе Регионална библиотека "Любен Каравелов" Русе Детски отдел 1994-01-01 Детски отдел 0.36 600807 ДН 633/635/П 76 120000600807 2 0.18 Дост: Pk Вид: Ф N: стар фонд Дата: 01.01.1994 Дата инв: 19.08.2015 Бележки инв: Д2015 Книги Universal Decimal Classification
Vip Innovations Ltd, Rousse, Bulgaria 2025